Central Library OPAC University of Rajshahi

এপিক সমগ্র / (Record no. 48254)

MARC details
000 -LEADER
fixed length control field 01029nam a2200265 a 4500
001 - CONTROL NUMBER
control field 48254
003 - CONTROL NUMBER IDENTIFIER
rucl marc code BD-RjUL
005 - DATE AND TIME OF LATEST TRANSACTION
control field 20211209054504.0
008 - FIXED-LENGTH DATA ELEMENTS--GENERAL INFORMATION
fixed length control field 160813s1999 ii ||||| |||| 00| 0 ben d
020 ## - INTERNATIONAL STANDARD BOOK NUMBER
International Standard Book Number 8176160326 (V-1)
Terms of availability : Tk. 90.00
International Standard Book Number 8176160522 (V-2)
Terms of availability : Tk. 200.00
035 ## - SYSTEM CONTROL NUMBER
System control number (BD-RjUL)48373
040 ## - CATALOGING SOURCE
Original cataloging agency BD-RjUL
Language of cataloging ben
Transcribing agency BD-RjUL
041 ## - LANGUAGE CODE
Language code of text/sound track or separate title ben
082 ## - DEWEY DECIMAL CLASSIFICATION NUMBER
Edition number 23
Classification number 891.44313
Author mark and year BAE 1999-2002
100 ## - MAIN ENTRY--PERSONAL NAME
Personal name বনফুল
9 (RLIN) 146128
245 10 - TITLE STATEMENT
Title এপিক সমগ্র /
Statement of responsibility, etc. বনফুল ; সম্পাদনা নিশীথ মুখোপাধ্যায়
260 ## - PUBLICATION, DISTRIBUTION, ETC. (IMPRINT)
Place of publication, distribution, etc. কলকাতা :
Name of publisher, distributor, etc. মডেল পাবলিশিং হাউস,
Date of publication, distribution, etc. ১৯৯৯-২০০২
300 ## - PHYSICAL DESCRIPTION
Pagination ২ খণ্ড ;
Size ২০ সেমি
505 0# - FORMATTED CONTENTS NOTE
Formatted contents note খণ্ড ১; খণ্ড ২ ---
650 ## - SUBJECT ADDED ENTRY--TOPICAL TERM
Topical term or geographic name as entry element বাংলা এপিক
9 (RLIN) 146129
Topical term or geographic name as entry element Bengali Epic
9 (RLIN) 146130
700 ## - ADDED ENTRY--PERSONAL NAME
Personal name নিশীথ, মুখোপাধ্যা্‌ সম্পাদক
942 ## - ADDED ENTRY ELEMENTS (KOHA)
Source of classification or shelving scheme Dewey Decimal Classification
Koha item type Books
Holdings
Lost status Source of classification or shelving scheme Damaged status Not for loan Collection code Permanent Location Current Location Shelving location Date acquired Source of acquisition Cost, normal purchase price Total Checkouts Full call number Date last seen Copy number Koha item type Date checked out
  Dewey Decimal Classification     Fiction Central Library, University of Rajshahi Central Library, University of Rajshahi   06/03/2008 Paragogn Enterprise, Dhaka 90.00   B 891.44313 BAE V-1 1999 13/08/2016 C-2 Books  
  Dewey Decimal Classification     Fiction Central Library, University of Rajshahi Central Library, University of Rajshahi   06/03/2008 Paragogn Enterprise, Dhaka 90.00   B 891.44313 BAE V-1 1999 13/08/2016 C-3 Books  
  Dewey Decimal Classification     Fiction Central Library, University of Rajshahi Central Library, University of Rajshahi   06/03/2008 Paragogn Enterprise, Dhaka 90.00 2 B 891.44313 BAE V-1 1999 09/03/2023 C-4 Books 17/12/2021
  Dewey Decimal Classification     Fiction Central Library, University of Rajshahi Central Library, University of Rajshahi   06/03/2008 Paragogn Enterprise, Dhaka 90.00   B 891.44313 BAE V-1 1999 13/08/2016 C-5 Books  
  Dewey Decimal Classification     Fiction Central Library, University of Rajshahi Central Library, University of Rajshahi   06/03/2008 Paragogn Enterprise, Dhaka 200.00   B 891.44313 BAE V-2 2002 13/08/2016 C-2 Books  
  Dewey Decimal Classification     Fiction Central Library, University of Rajshahi Central Library, University of Rajshahi   06/03/2008 Paragogn Enterprise, Dhaka 200.00   B 891.44313 BAE V-2 2002 13/08/2016 C-3 Books  
  Dewey Decimal Classification     Non-fiction Central Library, University of Rajshahi Central Library, University of Rajshahi   06/03/2008 Dhaka, Paragon Enterpries 200.00   B 891.44313 BAE V-2 2002 18/08/2016 C-4 Books  
  Dewey Decimal Classification   Not For Loan Non-fiction Central Library, University of Rajshahi Central Library, University of Rajshahi Reading Room 06/03/2008 Paragogn Enterprise, Dhaka 90.00   B 891.44313 BAE V-1 1999 31/01/2017 C-1 Books  
  Dewey Decimal Classification   Not For Loan Non-fiction Central Library, University of Rajshahi Central Library, University of Rajshahi Reading Room 06/03/2008 Paragogn Enterprise, Dhaka 200.00   B 891.44313 BAE V-2 2002 31/01/2017 C-1 Books